<?xml version='1.0' encoding='UTF-8'?>
  <record xmlns="http://www.loc.gov/MARC21/slim">
    <leader>00000cam a2200000 a 4500</leader>
    <controlfield tag="001">ocm68768469</controlfield>
    <controlfield tag="003">OCoLC</controlfield>
    <controlfield tag="005">20240210061653.1</controlfield>
    <controlfield tag="008">961022s1586    gw            000 0 lat d</controlfield>
    <datafield tag="040" ind1=" " ind2=" ">
      <subfield code="a">NLGGC</subfield>
      <subfield code="b">dut</subfield>
      <subfield code="e">dcrmb</subfield>
      <subfield code="c">NLGGC</subfield>
      <subfield code="d">UIU</subfield>
      <subfield code="d">OCLCF</subfield>
      <subfield code="d">OCLCO</subfield>
      <subfield code="d">OCLCQ</subfield>
      <subfield code="d">OCLCO</subfield>
      <subfield code="d">OCLCL</subfield>
    </datafield>
    <datafield tag="029" ind1="0" ind2=" ">
      <subfield code="a">NLGGC</subfield>
      <subfield code="b">152607374</subfield>
    </datafield>
    <datafield tag="035" ind1=" " ind2=" ">
      <subfield code="a">(OCoLC)68768469</subfield>
    </datafield>
    <datafield tag="100" ind1="1" ind2=" ">
      <subfield code="a">Rosenbusch, Christoph,</subfield>
      <subfield code="d">1538-1623.</subfield>
    </datafield>
    <datafield tag="245" ind1="1" ind2="0">
      <subfield code="a">Wolgegründte ernewerte Antwort, und Ehrerrettung auff die ehrnrürige im Rechten vnd Römischen Reich verbotene Schmachschrifft, Lucae Osiandri, die er intituliert, warnung :</subfield>
      <subfield code="b">Vorder Jesuiter Blůtdürstigen Anschlågen vnd bösen practicken /</subfield>
      <subfield code="c">durch Christophorum Rosenbusch Societatis Iesu.</subfield>
    </datafield>
    <datafield tag="246" ind1="1" ind2="7">
      <subfield code="a">Antwort auff Osianders ehrnrürige vnd auffrürische Warnung</subfield>
    </datafield>
    <datafield tag="260" ind1=" " ind2=" ">
      <subfield code="a">Gedruckt zů Ingolstadt :</subfield>
      <subfield code="b">Durch Dauid Sartorium,</subfield>
      <subfield code="c">1586.</subfield>
    </datafield>
    <datafield tag="300" ind1=" " ind2=" ">
      <subfield code="a">[2], 88, [2] p. ;</subfield>
      <subfield code="c">20 cm (4to)</subfield>
    </datafield>
    <datafield tag="336" ind1=" " ind2=" ">
      <subfield code="a">tekst</subfield>
      <subfield code="b">txt</subfield>
      <subfield code="2">rdacontent/dut</subfield>
    </datafield>
    <datafield tag="337" ind1=" " ind2=" ">
      <subfield code="a">zonder medium</subfield>
      <subfield code="b">n</subfield>
      <subfield code="2">rdamedia/dut</subfield>
    </datafield>
    <datafield tag="500" ind1=" " ind2=" ">
      <subfield code="a">Running title: "Antwort auff Osianders ehrnrürige vnd auffrürische Warnung."</subfield>
    </datafield>
    <datafield tag="500" ind1=" " ind2=" ">
      <subfield code="a">Date of pubication precedes place of publication on title page.</subfield>
    </datafield>
    <datafield tag="500" ind1=" " ind2=" ">
      <subfield code="a">Signatures: A-K⁴ L⁶.</subfield>
    </datafield>
    <datafield tag="500" ind1=" " ind2=" ">
      <subfield code="a">Title-page printed in red and black; title vignette (motto: "Sapiens dominabitur astris"); title within ornamental border; head- and tail-pieces; initials; printed marginal notes</subfield>
    </datafield>
    <datafield tag="510" ind1="4" ind2=" ">
      <subfield code="a">VD 16 (online),</subfield>
      <subfield code="c">R 3129</subfield>
    </datafield>
    <datafield tag="500" ind1=" " ind2=" ">
      <subfield code="a">Errata on p. 88.</subfield>
    </datafield>
    <datafield tag="600" ind1="1" ind2="0">
      <subfield code="a">Osiander, Lucas,</subfield>
      <subfield code="d">1534-1604.</subfield>
    </datafield>
    <datafield tag="650" ind1=" " ind2="0">
      <subfield code="a">Protestantism</subfield>
      <subfield code="x">Controversial literature</subfield>
      <subfield code="x">Catholic authors</subfield>
      <subfield code="v">Early works to 1800.</subfield>
    </datafield>
    <datafield tag="650" ind1=" " ind2="0">
      <subfield code="a">Counter-Reformation</subfield>
      <subfield code="v">Early works to 1800.</subfield>
    </datafield>
    <datafield tag="650" ind1=" " ind2="6">
      <subfield code="a">Protestantisme</subfield>
      <subfield code="x">Ouvrages de controverse</subfield>
      <subfield code="x">Auteurs catholiques</subfield>
      <subfield code="v">Ouvrages avant 1800.</subfield>
    </datafield>
    <datafield tag="650" ind1=" " ind2="6">
      <subfield code="a">Contre-Réforme</subfield>
      <subfield code="v">Ouvrages avant 1800.</subfield>
    </datafield>
    <datafield tag="600" ind1="1" ind2="7">
      <subfield code="a">Osiander, Lucas,</subfield>
      <subfield code="d">1534-1604.</subfield>
      <subfield code="2">fast</subfield>
      <subfield code="0">(OCoLC)fst00357683</subfield>
      <subfield code="1">https://id.oclc.org/worldcat/entity/E39PBJvhjjtRqHtmPTXkXbK68C</subfield>
    </datafield>
    <datafield tag="650" ind1=" " ind2="7">
      <subfield code="a">Counter-Reformation.</subfield>
      <subfield code="2">fast</subfield>
      <subfield code="0">(OCoLC)fst00881307</subfield>
    </datafield>
    <datafield tag="650" ind1=" " ind2="7">
      <subfield code="a">Protestantism</subfield>
      <subfield code="x">Controversial literature</subfield>
      <subfield code="x">Catholic authors.</subfield>
      <subfield code="2">fast</subfield>
      <subfield code="0">(OCoLC)fst01079922</subfield>
    </datafield>
    <datafield tag="655" ind1=" " ind2="7">
      <subfield code="a">Early works.</subfield>
      <subfield code="2">fast</subfield>
      <subfield code="0">(OCoLC)fst01411636</subfield>
    </datafield>
    <datafield tag="700" ind1="1" ind2=" ">
      <subfield code="a">Sartorius, David,</subfield>
      <subfield code="d">1529-1596,</subfield>
      <subfield code="e">printer.</subfield>
    </datafield>
    <datafield tag="752" ind1=" " ind2=" ">
      <subfield code="a">Germany</subfield>
      <subfield code="d">Ingolstadt.</subfield>
    </datafield>
    <datafield tag="758" ind1=" " ind2=" ">
      <subfield code="a">Wolgegründte ernewerte Antwort, und Ehrerrettung auff die ehrnrürige im Rechten vnd Römischen Reich verbotene Schmachschrifft, Lucae Osiandri, die er intituliert, warnung (Text)</subfield>
      <subfield code="1">https://id.oclc.org/worldcat/entity/E39PCGMBfhVRHhJwrfQ8Bcxr4m</subfield>
      <subfield code="4">https://id.oclc.org/worldcat/ontology/hasWork</subfield>
    </datafield>
  </record>